| 000 | 00539nam a2200217 a 4500 | ||
|---|---|---|---|
| 999 |
_c6043 _d6043 |
||
| 001 | 6043 | ||
| 003 | BD-JhCC | ||
| 005 | 20180101124300.0 | ||
| 008 | 180101s1940 n a|||| |||| 00| 0 eng d | ||
| 035 | _a(BD-JhCC) | ||
| 040 |
_aBD-JhCC _dBD-JhCC |
||
| 041 | _aeng | ||
| 082 |
_a510 _bRIC 1940 |
||
| 100 | _aM. Richardson | ||
| 245 |
_aFundamental of Mathematics / _cM. Richardson |
||
| 260 |
_aNew York : _bThe Macmillan Company, _c1940 |
||
| 300 |
_a507 p. : _c24cm. _bill. ; |
||
| 650 | _aMathematics | ||
| 942 |
_2ddc _cBK |
||